000 00547nam a2200193Ia 4500
005 20260120132112.0
008 008 260114s9999 xx 000 0 eng d
020 _a9781383015904
037 _aEBOOK
040 _aCRL
_beng
_cCRL
041 _aeng
_2eng
084 _qCRL
100 _aProsser
_9934965
245 0 _aRegulating the Changing Media A Comparative Study
260 _bOxford University PressOxford University Press
_c2023
856 _uhttps://academic.oup.com/book/50559
942 _cEBOOK
999 _c1526888
_d1526888